Posúdenie rizík vybraného zariadenia
Enregistré dans:
| Auteur principal: | |
|---|---|
| Autres auteurs: | |
| Format: | Manuscrit Livre |
| Langue: | slovaque |
| Publié: |
2019
|
| Sujets: | |
| Accès en ligne: | http://is.stuba.sk/zp/portal_zp.pl?podrobnosti=144145 |
| Tags: |
Pas de tags, Soyez le premier à ajouter un tag!
|
MARC
| LEADER | 00000ntm a22000003a 4500 | ||
|---|---|---|---|
| 001 | stuzp74034 | ||
| 003 | SK-STU | ||
| 005 | 20190608212735.5 | ||
| 007 | ta | ||
| 008 | 150427s2015----xo-----f-mn---000-0-slo-d | ||
| 040 | |a STU |b slo | ||
| 041 | 0 | |a slo | |
| 100 | 1 | |a Široký, Radovan |u 065000 |k Z7 |4 aut |U MTF Materiálovotechnologická fakulta |T MTF Ústav integrovanej bezpečnosti |X 1548 |U M5000 |Y 85 |7 1548 | |
| 242 | 0 | 1 | |a Risk assessment of selected equipment |y eng |
| 245 | 1 | 0 | |a Posúdenie rizík vybraného zariadenia |
| 260 | |c 2019 | ||
| 650 | 4 | |a FMEA |2 slo | |
| 650 | 4 | |a HAZOP |2 slo | |
| 650 | 4 | |a portálový žeriav |2 slo | |
| 650 | 4 | |a FMEA |2 eng | |
| 650 | 4 | |a HAZOP |2 eng | |
| 650 | 4 | |a single-port crane |2 eng | |
| 700 | 1 | |a Kuracina, Richard |u 065200 |k Z1 |4 ths |U MTF Ústav integrovanej bezpečnosti |T MTF Katedra bezpečnostného inžinierstva |X 38282 |U M5200 |Y 192 |7 A000038282 | |
| 856 | 4 | |u http://is.stuba.sk/zp/portal_zp.pl?podrobnosti=144145 | |
| 996 | |c M* DP-13940 |l MMSKP |s P |a 0 |w stuzp74034_0001 | ||